10 najbogatszych państw Azji - Statystyki

Ogólne statystyki
  • Ten quiz został rozwiązany 23 727 razy
  • Średni wynik to 6 z 10
Statystyki odpowiedzi
PKB na osobę Państwo % Poprawnych
$45,300 Japonia
94%
$43,400 Korea Południowa
80%
$56,400 Arabia Saudyjska
73%
$78,300 Zjednoczone Emiraty Arabskie
70%
$135,000 Katar
69%
$100,000 Singapur
68%
$75,200 Kuwejt
54%
$46,900 Bahrajn
50%
$55,000 Tajwan
47%
$83,900 Brunei
33%
Nie znaleziono quizów pasujących do podanych kryteriów
Rozkład punktacji
Procent ludzi z każdym wynikiem
Percentyl według liczby udzielonych odpowiedzi
Twoja historia wyników
Nie rozwiązałeś tego quizu